000 00646nam a2200241Ia 4500
003 OSt
005 20220918223037.0
006 a|||||r|||| 00| 0
007 ta
008 220917b |||||||| |||| 00| 0 eng d
024 _a219,882
037 _cTextual
040 _aARTS
_cARTS
_beng
041 _2eng
_aeng
082 _aV58.N9, P2
100 _aService Robert
_954566
245 0 _aRussia
_b experiment with a people from 1991 to the present.
260 _aLondon
_bMacmillan
_c2002
300 _avi,408p.
_ccm.
650 _aHISTORY
942 _hV58.N9, P2
_cTEXL
_2CC
999 _c277186
_d277186